000 00975nam a2200229Ia 4500
999 _c4365
_d4365
003 OSt
005 20200630132730.0
008 191128s9999 ru fr 000 0 spa d
040 _aCO-JMCR
_cCO-JMCR
041 1 _aspa
_hrus
082 0 4 _a335.412 /
_bN692e
_223
100 1 _aNikitin, Petr Ivanovich,
_eautor
_96334
245 1 0 _aEconomía política :
_bmanual de divulgación /
_cP. Nikitin ; traducido del ruso por L. Vládov.
250 _aSegunda edición
260 _aMoscú :
_bEdiciones en Lengua Extranjeras,
_c1959
300 _a429 páginas ;
_c21 cm.
505 0 _aQué estudia la economía política -- Los modos precapitalistas de producción -- El modo capitalista de producción -- La producción mercantil y el dinero -- Capital y plusvalía. El salario en el capitalismo -- La acumulación del capital y el empoderamiento.
546 _aTraducido del ruso
650 1 4 _aEconomía
_96335
700 1 _aVládov, L.,
_etraductor
_94562
942 _2ddc
_cBK